| 000 | 01838cam a22005174i 4500 | ||
|---|---|---|---|
| 003 | PE-LiUPU | ||
| 005 | 20250731180119.0 | ||
| 008 | 150623s r 000 0 d | ||
| 020 | _a0130309664 | ||
| 035 | _a(Sirsi) i9780130309662 | ||
| 040 |
_aPE-LiUPU _bspa _cPE-LiUPU _erda |
||
| 049 | _aPRUA | ||
| 082 | 0 | 4 |
_a519.4 _bP42 _221 |
| 100 | 1 |
_aPenny, John, _eautor. |
|
| 245 | 1 | 0 |
_aNumerical methods using matlab / _cJohn Penny. |
| 264 | 1 |
_aNew York, NY : _bEllis Horwood, _c1995. |
|
| 300 |
_a328 páginas : _bil., diagrámas, gráficos ; _c21 centímetros |
||
| 336 |
_atext _2rdacontent |
||
| 337 |
_aunmediated _2rdamedia |
||
| 338 |
_avolume _2rdacarrier |
||
| 500 | _aTexto apaisado. | ||
| 505 | 0 | _aAn introduction to matlab. Linear equations and eigensystems. Roots of equations. Differentiation and integration. Differential equations. Boundary value problems. Fitting functions to data. Optimisation methods. Matrix algebra. List of matlab functions. | |
| 526 | _aSEG44 | ||
| 526 | _aSEG26 | ||
| 526 | _aP159 | ||
| 526 | _aP155 | ||
| 526 | _aP154 | ||
| 526 | _aP153 | ||
| 526 | _aP150 | ||
| 526 | _aP100 | ||
| 526 | _aP31 | ||
| 526 | _aP30 | ||
| 526 | _aP26 | ||
| 526 | _aP25 | ||
| 526 | _aP24 | ||
| 526 | _aP22 | ||
| 526 | _aP15 | ||
| 526 | _aP10 | ||
| 650 | 0 | 4 | _aMétodos numéricos y matlab. |
| 942 |
_2ddc _cBOOK |
||
| 949 |
_a519.4 P42 _wDEWEY _c1 _i51697 _d2015-9-13 _e2015-9-11 _lCCODEBUL1 _mBUL _n2 _p2.00 _r0 _sY _tBOOK _u2015-6-24 _xINGENIERIA _zUNKNOWN _0COMPRA _o.STAFF. Colección General |
||
| 994 |
_aC0 _bPEPRU |
||
| 596 | _a1 | ||
| 999 |
_a519.4 P42 _wDEWEY _c33451 _i51697 _d33451 _e2015-9-11 _f2021-11-9 _g7 _lCCODEBUL1 _mBUL _n2 _p2.00 _q1 _r0 _sY _tBOOK _u2015-6-24 _xINGENIERIA _zUNKNOWN _0COMPRA _o.STAFF. Colección General |
||
| 980 |
_81 _gALBERTO SANCHEZ Responsable de Automatización |
||